[Event "BL 1011 (Women)"]
[Site "Germany"]
[Date "2011.01.29"]
[Round "6.5"]
[White "Bielicki, Birke"]
[Black "Frey, Alisa"]
[Result "1-0"]
[WhiteElo "2182"]
[BlackElo "2045"]
[PlyCount "77"]
[EventDate "2010.11.06"]
[EventType "team-tourn"]
[EventRounds "11"]
[EventCountry "GER"]
[SourceTitle "EXT 2012"]
[Source "ChessBase"]
[SourceDate "2011.11.24"]
[SourceVersion "1"]
[SourceVersionDate "2011.11.24"]
[SourceQuality "1"]
[WhiteTeam "Leipzig Gohlis (W)"]
[BlackTeam "Schott Mainz (W)"]
[WhiteTeamCountry "GER"]
[BlackTeamCountry "GER"]

1. d4 Nf6 2. c4 g6 3. Nc3 d5 4. cxd5 Nxd5 5. e4 Nxc3 6. bxc3 Bg7 7. Rb1 c5 8. Nf3 0-0 9. Be3 cxd4 10. cxd4 Qa5+ 11. Qd2 Qxd2+ 12. Nxd2 Nc6 13. d5 Nd4 14. Bd3 e6 15. Rb4 a5 16. Rxd4 Bxd4 17. Bxd4 exd5 18. e5 Bd7 19. Nb1 Rab8 20. Nc3 Rfc8 21. Kd2 Bc6 22. Rb1 Kf8 23. Rb6 Ke8 24. Be2 h5 25. Bf3 Rd8 26. Kd3 Ra8 27. Nb5 Rab8 28. g3 Rd7 29. Bg2 Rdd8 30. f4 Kf8 31. Bc5+ Kg7 32. Bd6 Rbc8 33. Na7 Ra8 34. Nxc6 bxc6 35. Rxc6 Ra7 36. Bxd5 Rdd7 37. Rc8 Ra6 38. Bc6 Rda7 39. Bc5 1-0

[Event "BL 1011 (Women)"]
[Site "Germany"]
[Date "2011.01.09"]
[Round "5.6"]
[White "Skogvall, Martina"]
[Black "Bielicki, Birke"]
[Result "0-1"]
[WhiteElo "2063"]
[BlackElo "2182"]
[PlyCount "72"]
[EventDate "2010.11.06"]
[EventType "team-tourn"]
[EventRounds "11"]
[EventCountry "GER"]
[SourceTitle "EXT 2012"]
[Source "ChessBase"]
[SourceDate "2011.11.24"]
[SourceVersion "1"]
[SourceVersionDate "2011.11.24"]
[SourceQuality "1"]
[WhiteTeam "Grosslehna (W)"]
[BlackTeam "Leipzig Gohlis (W)"]
[WhiteTeamCountry "GER"]
[BlackTeamCountry "GER"]

1. e4 c5 2. Nf3 Nc6 3. d4 cxd4 4. Nxd4 Nf6 5. Nc3 e5 6. Ndb5 d6 7. Nd5 Nxd5 8. exd5 Nb8 9. c4 Be7 10. Be2 0-0 11. 0-0 Nd7 12. b4 a5 13. Bd2 axb4 14. Bxb4 Qb6 15. a4 Nc5 16. a5 Qd8 17. Bxc5 dxc5 18. d6 Bf6 19. Nc7 Ra7 20. Qd5 e4 21. Ra3 Bd4 22. Qxe4 Bd7 23. Bd3 g6 24. Qf4 Bc6 25. Bc2 Qf6 26. Qh6 Rd8 27. Rh3 Qg7 28. Qg5 Rxd6 29. Re1 f6 30. Ne8 fxg5 31. Nxg7 Bxg7 32. Rhe3 Rxa5 33. Re7 Ra2 34. Bb1 Rb2 35. Rc7 Bd4 36. Rf1 Bxf2+ 0-1

[Event "BL 1011 (Women)"]
[Site "Germany"]
[Date "2010.12.04"]
[Round "3.5"]
[White "Sikorska, Agata"]
[Black "Bielicki, Birke"]
[Result "1/2-1/2"]
[WhiteElo "2096"]
[BlackElo "2182"]
[PlyCount "108"]
[EventDate "2010.11.06"]
[EventType "team-tourn"]
[EventRounds "11"]
[EventCountry "GER"]
[SourceTitle "EXT 2012"]
[Source "ChessBase"]
[SourceDate "2011.11.24"]
[SourceVersion "1"]
[SourceVersionDate "2011.11.24"]
[SourceQuality "1"]
[WhiteTeam "Guben (W)"]
[BlackTeam "Leipzig Gohlis (W)"]
[WhiteTeamCountry "GER"]
[BlackTeamCountry "GER"]

1. e4 c5 2. Nf3 Nc6 3. d4 cxd4 4. Nxd4 Nf6 5. Nc3 e5 6. Ndb5 d6 7. Nd5 Nxd5 8. exd5 Nb8 9. c4 Be7 10. Be2 0-0 11. 0-0 Nd7 12. Be3 b6 13. f4 f5 14. Kh1 a6 15. Nc3 Bf6 16. Rc1 Kh8 17. a3 g5 18. g3 Qe7 19. Qd2 gxf4 20. gxf4 Nc5 21. Qc2 Rg8 22. Bf3 e4 23. Be2 Bb7 24. Rg1 Rxg1+ 25. Rxg1 Rc8 26. Bf1 Rc7 27. Qg2 Qf8 28. Qh3 Bc8 29. Qh5 Nd3 30. Bxd3 exd3 31. Qd1 Rxc4 32. Qxd3 b5 33. Nd1 Qf7 34. Nc3 Qh5 35. Qf1 Bb7 36. Qg2 Qf7 37. Rd1 Qg7 38. Qf2 Qg4 39. Rd2 a5 40. Qg2 Qh4 41. Qg3 b4 42. axb4 axb4 43. Qxh4 Bxh4 44. Nb5 Be7 45. Kg2 Kg7 46. Kf3 Kf7 47. Bb6 Ke8 48. Kg3 Kd7 49. Nd4 Bxd5 50. Nxf5 Be4 51. Nxe7 Kxe7 52. Rd4 d5 53. Rxc4 dxc4 54. Bc5+ Ke6 1/2-1/2

[Event "BL 1011 (Women)"]
[Site "Germany"]
[Date "2010.11.07"]
[Round "2.6"]
[White "Bielicki, Birke"]
[Black "Jahn, Constanze"]
[Result "1/2-1/2"]
[WhiteElo "2182"]
[BlackElo "2152"]
[PlyCount "66"]
[EventDate "2010.11.06"]
[EventType "team-tourn"]
[EventRounds "11"]
[EventCountry "GER"]
[SourceTitle "EXT 2012"]
[Source "ChessBase"]
[SourceDate "2011.11.24"]
[SourceVersion "1"]
[SourceVersionDate "2011.11.24"]
[SourceQuality "1"]
[WhiteTeam "Leipzig Gohlis (W)"]
[BlackTeam "Halle Volksbank (W)"]
[WhiteTeamCountry "GER"]
[BlackTeamCountry "GER"]

1. d4 Nf6 2. c4 e6 3. Nf3 b6 4. g3 Bb7 5. Bg2 Be7 6. 0-0 0-0 7. Nc3 Ne4 8. Qd3 Nxc3 9. Qxc3 c5 10. e3 Qc7 11. b3 Bf6 12. Bb2 Be4 13. Ne5 Bxg2 14. Kxg2 g6 15. Rad1 d6 16. Nf3 Nd7 17. Qd2 Rad8 18. Qe2 e5 19. dxe5 dxe5 20. Nd2 Bg7 21. Ne4 Qc6 22. f3 f5 23. Nc3 e4 24. Nd5 Qe6 25. f4 Nf6 26. Bxf6 Bxf6 27. Qc2 Rf7 28. Rf2 Rfd7 29. Rfd2 Bg7 30. Kf2 Kf7 31. Ke1 Qc6 32. Nc3 Bxc3 33. Qxc3 Rxd2 1/2-1/2

[Event "BL 0910 (Women)"]
[Site "Germany"]
[Date "2010.01.17"]
[Round "5.5"]
[White "Lehmann, Christina"]
[Black "Bielicki, Birke"]
[Result "0-1"]
[WhiteElo "2095"]
[BlackElo "2192"]
[PlyCount "38"]
[EventDate "2009.11.07"]
[EventType "team-tourn"]
[EventRounds "11"]
[EventCountry "GER"]
[SourceTitle "CBM 133 Extra"]
[Source "ChessBase"]
[SourceDate "2010.01.05"]
[SourceVersion "1"]
[SourceVersionDate "2010.01.05"]
[SourceQuality "1"]
[WhiteTeam "Grosslehna (W)"]
[BlackTeam "Leipzig Gohlis (W)"]
[WhiteTeamCountry "GER"]
[BlackTeamCountry "GER"]

1. a3 Nf6 2. c4 g6 3. Nc3 Bg7 4. g3 0-0 5. Bg2 d6 6. d3 Nc6 7. e4 e5 8. Nge2 Be6 9. 0-0 Nh5 10. h3 f5 11. exf5 gxf5 12. Nd5 Qd7 13. Kh2 f4 14. gxf4 Nxf4 15. Nexf4 exf4 16. Be4 f3 17. Rg1 Kh8 18. Bxf3 Be5+ 19. Kh1 Bxd5 0-1

[Event "BL 0910 (Women)"]
[Site "Germany"]
[Date "2009.11.08"]
[Round "2.5"]
[White "Gromova, Iulia"]
[Black "Bielicki, Birke"]
[Result "1-0"]
[WhiteElo "2238"]
[BlackElo "2192"]
[PlyCount "75"]
[EventDate "2009.11.07"]
[EventType "team-tourn"]
[EventRounds "11"]
[EventCountry "GER"]
[SourceTitle "CBM 133 Extra"]
[Source "ChessBase"]
[SourceDate "2010.01.05"]
[SourceVersion "1"]
[SourceVersionDate "2010.01.05"]
[SourceQuality "1"]
[WhiteTeam "Bad Koenigshofen (W)"]
[BlackTeam "Leipzig Gohlis (W)"]
[WhiteTeamCountry "GER"]
[BlackTeamCountry "GER"]

1. d4 Nf6 2. c4 g6 3. Nc3 Bg7 4. e4 d6 5. f3 0-0 6. Be3 Nc6 7. Nge2 a6 8. Qd2 Rb8 9. Rc1 Bd7 10. Nd1 b5 11. c5 e5 12. d5 Ne7 13. b4 Ne8 14. g4 f5 15. g5 Rf7 16. h4 Bf8 17. c6 Bc8 18. Ra1 Ng7 19. a4 Nh5 20. Rg1 Bg7 21. Ba7 Ra8 22. Bf2 Rb8 23. axb5 axb5 24. Ba7 Ra8 25. Ndc3 Nf4 26. Nxb5 fxe4 27. fxe4 Bh3 28. Nxf4 exf4 29. Bxh3 Bxa1 30. Be6 Be5 31. Bd4 Nc8 32. Rf1 Kg7 33. Bxe5+ dxe5 34. Qc3 Nd6 35. Qxe5+ Kf8 36. Rxf4 Rxf4 37. Qxf4+ Kg7 38. Qe5+ 1-0

[Event "BL 0809 (Women)"]
[Site "Germany"]
[Date "2008.12.07"]
[Round "4.5"]
[White "Bielicki, Birke"]
[Black "Skogvall, Martina"]
[Result "1-0"]
[WhiteElo "2191"]
[BlackElo "2130"]
[PlyCount "111"]
[EventDate "2008.11.08"]
[EventType "team-tourn"]
[EventRounds "11"]
[EventCountry "GER"]
[SourceTitle "EXT 2010"]
[Source "ChessBase"]
[SourceDate "2010.11.25"]
[SourceVersion "1"]
[SourceVersionDate "2010.11.25"]
[SourceQuality "1"]
[WhiteTeam "Leipzig Gohlis (W)"]
[BlackTeam "Grosslehna (W)"]
[WhiteTeamCountry "GER"]
[BlackTeamCountry "GER"]

1. d4 Nf6 2. c4 g6 3. Nc3 Bg7 4. e4 d6 5. f3 0-0 6. Be3 c6 7. Qd2 Na6 8. Bd3 Nc7 9. Nge2 Re8 10. 0-0 e5 11. d5 Bd7 12. Rac1 c5 13. Nd1 b5 14. b3 h5 15. Nf2 Nh7 16. Nc3 b4 17. Ncd1 Rf8 18. Bh6 f5 19. Bxg7 Kxg7 20. exf5 gxf5 21. f4 Qh4 22. Nh3 e4 23. Be2 Be8 24. Ne3 Bg6 25. Kh1 Qe7 26. Rce1 Ne8 27. Bd1 Nef6 28. Qb2 Kh6 29. Ng5 Ng4 30. Bxg4 hxg4 31. Ne6 Rg8 32. g3 Qf6 33. Qd2 Bf7 34. Ng5 Kg7 35. Nxh7 Kxh7 36. Re2 Kg7 37. Qb2 a5 38. Nxf5+ Kg6 39. Qxf6+ Kxf6 40. Nxd6 Bg6 41. Nxe4+ Bxe4+ 42. Rxe4 Rge8 43. Rfe1 Rxe4 44. Rxe4 a4 45. Re2 axb3 46. axb3 Ra3 47. Rb2 Kf5 48. Kg2 Ke4 49. d6 Ke3 50. f5 Ra6 51. f6 Rxd6 52. Rf2 Rd8 53. f7 Rf8 54. Rf4 Kd3 55. h3 Kc3 56. hxg4 1-0

[Event "BL 0708 (Women)"]
[Site "Germany"]
[Date "2008.01.27"]
[Round "7.6"]
[White "Higgelke, Anne"]
[Black "Bielicki, Birke"]
[Result "1-0"]
[WhiteElo "1982"]
[BlackElo "2197"]
[PlyCount "51"]
[EventDate "2007.11.10"]
[EventType "team-tourn"]
[EventRounds "11"]
[EventCountry "GER"]
[SourceTitle "EXT 2009"]
[Source "ChessBase"]
[SourceDate "2008.11.26"]
[SourceVersion "1"]
[SourceVersionDate "2008.11.26"]
[SourceQuality "1"]
[WhiteTeam "Torgelow (W)"]
[BlackTeam "Leipzig Gohlis (W)"]
[WhiteTeamCountry "GER"]
[BlackTeamCountry "GER"]

1. c4 Nf6 2. Nc3 g6 3. d4 Bg7 4. e4 d6 5. Be2 0-0 6. Bg5 Na6 7. Qd2 c5 8. d5 Nc7 9. Bh6 a6 10. Bxg7 Kxg7 11. f4 b5 12. e5 dxe5 13. fxe5 Ng4 14. Nf3 f6 15. exf6+ Nxf6 16. 0-0 Rb8 17. Rad1 Rb6 18. b3 Qd6 19. Ng5 Bf5 20. Bf3 Nce8 21. Rde1 b4 22. Na4 Rb7 23. Ne6+ Bxe6 24. Rxe6 Qc7 25. Rc6 Qd8 26. Nxc5 1-0

[Event "BL 0708 (Women)"]
[Site "Germany"]
[Date "2007.11.10"]
[Round "1.5"]
[White "Bielicki, Birke"]
[Black "Kulovana, Eva"]
[Result "0-1"]
[WhiteElo "2197"]
[BlackElo "2276"]
[PlyCount "78"]
[EventDate "2007.11.10"]
[EventType "team-tourn"]
[EventRounds "11"]
[EventCountry "GER"]
[SourceTitle "EXT 2009"]
[Source "ChessBase"]
[SourceDate "2008.11.26"]
[SourceVersion "1"]
[SourceVersionDate "2008.11.26"]
[SourceQuality "1"]
[WhiteTeam "Leipzig Gohlis (W)"]
[BlackTeam "Grosslehna (W)"]
[WhiteTeamCountry "GER"]
[BlackTeamCountry "GER"]

1. d4 d5 2. c4 e6 3. Nc3 Nf6 4. Bg5 Be7 5. e3 h6 6. Bh4 0-0 7. Rc1 b6 8. cxd5 exd5 9. Bd3 Bb7 10. Nf3 Nbd7 11. 0-0 c5 12. Qe2 c4 13. Bf5 g6 14. Bb1 a6 15. a4 Bc6 16. Ne5 Nxe5 17. dxe5 Nd7 18. Bg3 Kg7 19. Rcd1 Nc5 20. e4 Nxa4 21. Nxd5 Bxd5 22. exd5 Qe8 23. d6 Bd8 24. h4 b5 25. h5 Nc5 26. Rfe1 Qe6 27. Qf3 Bb6 28. Bh4 Rab8 29. Bf6+ Kh7 30. hxg6+ fxg6 31. Bxg6+ Kxg6 32. Qg3+ Kf7 33. Qg7+ Ke8 34. d7+ Nxd7 35. Rd6 Qf7 36. Qg4 Rg8 37. Re6+ Kf8 38. Qf5 Bd8 39. Rd1 Rg5 0-1

[Event "BL2 Gr02 0506 (Women)"]
[Site "Germany"]
[Date "2006.03.04"]
[Round "6.5"]
[White "Bielicki, Birke"]
[Black "Zabarska, Natalia"]
[Result "1-0"]
[WhiteElo "2040"]
[BlackElo "1783"]
[PlyCount "53"]
[EventDate "2005.10.29"]
[EventType "team-tourn"]
[EventRounds "7"]
[EventCountry "GER"]
[SourceTitle "EXT 2007"]
[Source "ChessBase"]
[SourceDate "2006.11.23"]
[SourceVersion "1"]
[SourceVersionDate "2006.11.23"]
[SourceQuality "1"]
[WhiteTeam "Leipzig Gohlis"]
[BlackTeam "Bad Koenigshofen"]
[WhiteTeamCountry "GER"]
[BlackTeamCountry "GER"]

1. d4 Nf6 2. c4 g6 3. Nc3 Bg7 4. e4 0-0 5. f3 d6 6. Be3 Nc6 7. Nge2 e5 8. d5 Ne7 9. Qd2 Ne8 10. g4 f5 11. gxf5 gxf5 12. 0-0-0 f4 13. Bf2 Bd7 14. h4 a6 15. Bh3 b5 16. Rdg1 Nc8 17. h5 h6 18. Bh4 Nf6 19. Be6+ Kh7 20. Nxf4 exf4 21. Rxg7+ Kxg7 22. Qg2+ Kh8 23. Rg1 Qe7 24. Qg6 Bxe6 25. Qxh6+ Nh7 26. Bxe7 Rf7 27. Bf6+ 1-0

[Event "BL2 Gr2 0304 (Women)"]
[Site "Germany"]
[Date "2004.03.14"]
[Round "7.5"]
[White "Bielicki, Birke"]
[Black "Uhlendorf, Kristina"]
[Result "1-0"]
[WhiteElo "2129"]
[BlackElo "2074"]
[PlyCount "71"]
[EventDate "2003.10.25"]
[EventType "team-tourn"]
[EventRounds "7"]
[EventCountry "GER"]
[SourceTitle "EXT 2006"]
[Source "ChessBase"]
[SourceDate "2005.11.24"]
[SourceVersion "1"]
[SourceVersionDate "2005.11.24"]
[SourceQuality "1"]
[WhiteTeam "Leipzig Gohlis (W)"]
[BlackTeam "Zeulenroda (W)"]
[WhiteTeamCountry "GER"]
[BlackTeamCountry "GER"]

1. d4 Nf6 2. c4 g6 3. Nc3 d5 4. cxd5 Nxd5 5. e4 Nxc3 6. bxc3 Bg7 7. Rb1 0-0 8. Nf3 c5 9. Be2 Qa5 10. 0-0 Nc6 11. Rb5 Qxa2 12. Rxc5 Bg4 13. Bc4 Qb1 14. h3 Bxf3 15. Qxf3 Qb6 16. Be3 Rac8 17. Qg4 Qd8 18. Rb1 Na5 19. Rd5 Qc7 20. Ba2 e6 21. Rc5 Qd8 22. Bg5 Bf6 23. Bxf6 Qxf6 24. Rxa5 Rxc3 25. e5 Qd8 26. Rab5 b6 27. d5 exd5 28. Rxd5 Qc7 29. Rbd1 Rc2 30. Bb1 Rc4 31. Qd7 Qxd7 32. Rxd7 a5 33. Rb7 Rb4 34. Ba2 Rb2 35. Bc4 a4 36. e6 1-0

[Event "BL 0203 (Women)"]
[Site "Germany"]
[Date "2003.02.01"]
[Round "6.6"]
[White "Shmirina, Evgenija"]
[Black "Bielicki, Birke"]
[Result "1-0"]
[WhiteElo "2013"]
[BlackElo "2130"]
[PlyCount "43"]
[EventDate "2002.10.12"]
[EventType "team-tourn"]
[EventRounds "11"]
[EventCountry "GER"]
[SourceTitle "EXT 2004"]
[Source "ChessBase"]
[SourceDate "2003.11.25"]
[SourceVersion "1"]
[SourceVersionDate "2003.11.25"]
[SourceQuality "1"]
[WhiteTeam "Dresden SC (W)"]
[BlackTeam "Leipzig Gohlis (W)"]
[WhiteTeamCountry "GER"]
[BlackTeamCountry "GER"]

1. e4 c5 2. Nf3 Nc6 3. d4 cxd4 4. Nxd4 Nf6 5. Nc3 e5 6. Ndb5 d6 7. Bg5 a6 8. Na3 b5 9. Bxf6 gxf6 10. Nd5 f5 11. c3 fxe4 12. Bxb5 axb5 13. Nxb5 Qg5 14. Nbc7+ Kd8 15. Nxa8 Qxg2 16. Rf1 Ba6 17. Ne3 Qxh2 18. Qb3 Bxf1 19. Qb6+ Kd7 20. Qc7+ Ke6 21. Qc8+ Ke7 22. Nd5# 1-0

[Event "BL 0203 (Women)"]
[Site "Germany"]
[Date "2002.11.30"]
[Round "3.5"]
[White "Moingt, Anne"]
[Black "Bielicki, Birke"]
[Result "1-0"]
[WhiteElo "2169"]
[BlackElo "2130"]
[PlyCount "129"]
[EventDate "2002.10.12"]
[EventType "team-tourn"]
[EventRounds "11"]
[EventCountry "GER"]
[SourceTitle "EXT 2004"]
[Source "ChessBase"]
[SourceDate "2003.11.25"]
[SourceVersion "1"]
[SourceVersionDate "2003.11.25"]
[SourceQuality "1"]
[WhiteTeam "Karlsruhe (W)"]
[BlackTeam "Leipzig Gohlis (W)"]
[WhiteTeamCountry "GER"]
[BlackTeamCountry "GER"]

1. e4 c5 2. Nf3 Nc6 3. Bb5 Nf6 4. e5 Nd5 5. Bxc6 dxc6 6. h3 g6 7. d3 Bg7 8. 0-0 0-0 9. Nbd2 h6 10. Ne4 b6 11. Re1 Be6 12. a3 Qd7 13. Bd2 Nc7 14. b4 cxb4 15. axb4 Bd5 16. Nc3 Ne6 17. Nxd5 Qxd5 18. Be3 Rfd8 19. Ra3 Qd7 20. Qa1 Qb7 21. Qa2 Nc7 22. Ra1 a6 23. Qc4 Rd5 24. Qh4 g5 25. Qe4 Ne6 26. c4 Rd7 27. Qf5 Rdd8 28. h4 gxh4 29. Nxh4 Nd4 30. Qg4 Qd7 31. Qxd7 Rxd7 32. Bxd4 Rxd4 33. Nf5 Rd7 34. Nxg7 Kxg7 35. Rxa6 Rxa6 36. Rxa6 Rxd3 37. Rxb6 Rb3 38. b5 cxb5 39. cxb5 Rb1+ 40. Kh2 Rb3 41. f3 e6 42. Rb7 Rc3 43. f4 Rb3 44. b6 Kg8 45. Rb8+ Kg7 46. b7 Kh7 47. g3 Rb2+ 48. Kh3 Kg7 49. g4 Rb3+ 50. Kg2 Kh7 51. Kf2 Kg7 52. Ke2 Kh7 53. Kd2 Kg7 54. Kc2 Rb4 55. Kc3 Rb1 56. Kc4 Rc1+ 57. Kb5 Rb1+ 58. Kc6 Rc1+ 59. Kd7 Rb1 60. Ke7 Rb5 61. Kd6 Rb1 62. f5 exf5 63. gxf5 h5 64. f6+ Kh7 65. e6 1-0

[Event "BL2 Ost 0102 (Women)"]
[Site "Germany"]
[Date "2002.01.20"]
[Round "5.3"]
[White "Lindemann, Antje"]
[Black "Bielicki, Birke"]
[Result "0-1"]
[WhiteElo "1555"]
[BlackElo "2107"]
[PlyCount "100"]
[EventDate "2001.10.28"]
[EventType "team-tourn"]
[EventRounds "7"]
[EventCountry "GER"]
[SourceTitle "EXT 2003"]
[Source "ChessBase"]
[SourceDate "2002.11.25"]
[SourceVersion "1"]
[SourceVersionDate "2002.11.25"]
[SourceQuality "1"]
[WhiteTeam "Dresden SC II"]
[BlackTeam "Leipzig Gohlis"]
[WhiteTeamCountry "GER"]
[BlackTeamCountry "GER"]

1. e4 c5 2. c3 d5 3. exd5 Qxd5 4. d4 Nf6 5. Nf3 Nc6 6. Be3 cxd4 7. cxd4 e6 8. Nc3 Qd6 9. Bb5 Be7 10. 0-0 0-0 11. Rc1 Nb4 12. a3 Nbd5 13. Nxd5 Nxd5 14. Qd2 a6 15. Bd3 Bd7 16. Rfe1 Rac8 17. Ne5 Bb5 18. Bxh7+ Kxh7 19. Nxf7 Qd7 20. Ne5 Qe8 21. Qd1 Nf6 22. Qf3 Qh5 23. Qxb7 Rxc1 24. Rxc1 Bd6 25. h3 Bxe5 26. dxe5 Qxe5 27. Rc5 Nd5 28. a4 Be2 29. Rc2 Bd3 30. Rd2 Bc4 31. Bd4 Qe1+ 32. Kh2 Nf6 33. Be3 Qf1 34. Qf3 Bd5 35. Qg3 Kg8 36. f3 Rc8 37. Bh6 Nh5 38. Qg4 Rc1 39. Qxh5 Qh1+ 40. Kg3 Qe1+ 41. Kg4 gxh6 42. Qg6+ Kf8 43. Qxh6+ Ke7 44. Rd4 Rc7 45. b4 Qe5 46. Qd2 Ke8 47. Qf4 Qg7+ 48. Kh5 Qh8+ 49. Kg5 Rg7+ 50. Kf6 Rg4# 0-1

[Event "Oberliga Ost-B 0001"]
[Site "Germany"]
[Date "2000.11.11"]
[Round "2.3"]
[White "Klingelhoefer, Stefan"]
[Black "Bielicki, Birke"]
[Result "1-0"]
[WhiteElo "2270"]
[BlackElo "2166"]
[PlyCount "71"]
[EventDate "2000.10.15"]
[EventType "team"]
[EventRounds "11"]
[EventCountry "GER"]
[SourceTitle "EXT 2002"]
[Source "ChessBase"]
[SourceDate "2001.11.25"]
[SourceVersion "1"]
[SourceVersionDate "2001.11.25"]
[SourceQuality "1"]
[WhiteTeam "Giessen"]
[BlackTeam "Leipzig Gohlis II"]
[WhiteTeamCountry "GER"]
[BlackTeamCountry "GER"]

1. d4 Nf6 2. Nf3 g6 3. Bg5 Bg7 4. Nbd2 d6 5. c3 0-0 6. e4 c5 7. dxc5 dxc5 8. Be2 Nc6 9. 0-0 Qc7 10. Re1 Be6 11. Bc4 Bxc4 12. Nxc4 b5 13. Ne3 e6 14. Bxf6 Bxf6 15. Ng4 Bg7 16. e5 Rad8 17. Qe2 c4 18. a4 a6 19. axb5 axb5 20. Qe4 Rd5 21. h4 h5 22. Nf6+ Bxf6 23. exf6 Qd8 24. Ra6 Qc8 25. Rb6 Qc7 26. Qe3 Rf5 27. Rxc6 Qxc6 28. Nd4 Qd5 29. Nxf5 Qxf5 30. Qd4 Qc2 31. Re5 Rb8 32. Qf4 Kh7 33. Rxe6 Rf8 34. Re5 Qxb2 35. Rxh5+ gxh5 36. Qf5+ 1-0

[Event "Oberliga Ost-B 0001"]
[Site "Germany"]
[Date "2000.10.15"]
[Round "1.2"]
[White "Kuhlmann, Christoph"]
[Black "Bielicki, Birke"]
[Result "1/2-1/2"]
[WhiteElo "2169"]
[BlackElo "2166"]
[PlyCount "99"]
[EventDate "2000.10.15"]
[EventType "team"]
[EventRounds "11"]
[EventCountry "GER"]
[SourceTitle "EXT 2002"]
[Source "ChessBase"]
[SourceDate "2001.11.25"]
[SourceVersion "1"]
[SourceVersionDate "2001.11.25"]
[SourceQuality "1"]
[WhiteTeam "Erfurt Empor II"]
[BlackTeam "Leipzig Gohlis II"]
[WhiteTeamCountry "GER"]
[BlackTeamCountry "GER"]

1. c4 Nf6 2. Nc3 g6 3. g3 Bg7 4. Bg2 0-0 5. e4 d6 6. Nge2 e5 7. 0-0 Be6 8. d3 Qd7 9. f4 Nc6 10. Nd5 Ne8 11. Ne3 f5 12. exf5 gxf5 13. g4 fxg4 14. f5 Bxf5 15. Nxf5 Rxf5 16. Rxf5 Qxf5 17. Ng3 Qd7 18. Bg5 Nf6 19. Qb3 Rb8 20. Rf1 Nd4 21. Qa3 Rf8 22. Qxa7 c6 23. Bxf6 Bxf6 24. Nh5 Bd8 25. Rxf8+ Kxf8 26. Qb8 Kf7 27. Ng3 Qc7 28. Qxc7+ Bxc7 29. Be4 h6 30. Nf5 Nxf5 31. Bxf5 h5 32. Bc8 b5 33. cxb5 cxb5 34. b4 Bb6+ 35. Kg2 Bd4 36. Bd7 Bc3 37. Bxb5 Bxb4 38. h3 Kf6 39. Be8 Kg5 40. a4 Ba5 41. Bf7 Bb6 42. Be8 Kh4 43. Bd7 d5 44. hxg4 hxg4 45. Bc6 d4 46. Be4 Ba5 47. Ba8 Kg5 48. Be4 Kf4 49. Bh7 Bd2 50. Be4 1/2-1/2

[Event "BL 9900 (Women)"]
[Site "Germany"]
[Date "2000.04.02"]
[Round "11.1"]
[White "Jaracz, Barbara"]
[Black "Bielicki, Birke"]
[Result "1/2-1/2"]
[WhiteElo "2293"]
[BlackElo "2172"]
[PlyCount "80"]
[EventDate "1999.10.16"]
[EventType "team-tourn"]
[EventRounds "11"]
[EventCountry "GER"]
[SourceTitle "CBM 075 Extra"]
[Source "ChessBase"]
[SourceDate "2000.05.11"]
[SourceVersion "2"]
[SourceVersionDate "2000.05.11"]
[SourceQuality "1"]
[WhiteTeam "Guben (W)"]
[BlackTeam "Leipzig Gohlis"]
[WhiteTeamCountry "GER"]
[BlackTeamCountry "GER"]

1. e4 c5 2. Nf3 Nc6 3. Nc3 d6 4. d4 cxd4 5. Nxd4 e5 6. Nb3 Be6 7. Be3 Nf6 8. Qd2 Be7 9. 0-0-0 0-0 10. f3 a5 11. a4 Nb4 12. Kb1 Rc8 13. Bd3 Nd7 14. g4 Nc5 15. Nxc5 dxc5 16. Bb5 Qxd2 17. Rxd2 Rfd8 18. Rhd1 Rxd2 19. Rxd2 Nc6 20. Nd5 Bf8 21. c3 f6 22. Nb6 Rc7 23. Nc4 Be7 24. Kc2 Nd4+ 25. cxd4 cxd4 26. Bxd4 Bxc4 27. Bb6 Rc8 28. Bd7 Ra8 29. b3 Bf7 30. Kb2 Kf8 31. Rc2 Bd8 32. Bc5+ Kg8 33. Be3 Kf8 34. Bc8 b6 35. Bb7 Rb8 36. Ba6 Be6 37. Bb5 Ke7 38. Bc4 Bd7 39. Bb5 Be6 40. Bc4 Bd7 1/2-1/2

[Event "BL 9900 (Women)"]
[Site "Germany"]
[Date "2000.02.05"]
[Round "6.1"]
[White "Lomineishvili, Maia"]
[Black "Bielicki, Birke"]
[Result "1-0"]
[WhiteElo "2387"]
[BlackElo "2172"]
[PlyCount "219"]
[EventDate "1999.10.16"]
[EventType "team-tourn"]
[EventRounds "11"]
[EventCountry "GER"]
[SourceTitle "CBM 075 Extra"]
[Source "ChessBase"]
[SourceDate "2000.05.11"]
[SourceVersion "2"]
[SourceVersionDate "2000.05.11"]
[SourceQuality "1"]
[WhiteTeam "Karlsruhe"]
[BlackTeam "Leipzig Gohlis"]
[WhiteTeamCountry "GER"]
[BlackTeamCountry "GER"]

1. d4 Nf6 2. c4 g6 3. Nc3 Bg7 4. e4 d6 5. Be2 0-0 6. Nf3 e5 7. 0-0 Nc6 8. d5 Ne7 9. b4 Nh5 10. Re1 Nf4 11. Bf1 h6 12. c5 f5 13. Bxf4 exf4 14. e5 dxe5 15. Nxe5 Kh7 16. Bc4 Bd7 17. b5 Nc8 18. c6 Nd6 19. Nxd7 Bxc3 20. Nxf8+ Qxf8 21. Bd3 Bxa1 22. Qxa1 b6 23. Qd4 Re8 24. Qxf4 Qf6 25. Rd1 Qe5 26. Qxe5 Rxe5 27. Bf1 Kg7 28. g3 Kf6 29. a4 Re4 30. Ra1 Rd4 31. Bg2 Ne4 32. a5 Rxd5 33. axb6 axb6 34. Bxe4 fxe4 35. Ra7 Rxb5 36. Rxc7 Rc5 37. Kf1 b5 38. Ke2 Rc3 39. Rc8 b4 40. c7 Kg7 41. Kd2 Rc6 42. Rb8 Rxc7 43. Rxb4 Kf6 44. Rxe4 Ra7 45. Ke2 Ra2+ 46. Kf3 Rb2 47. h4 Ra2 48. g4 Ra3+ 49. Re3 Ra2 50. Rb3 Ra6 51. Kg3 Rc6 52. Rf3+ Kg7 53. Ra3 Kf6 54. Ra5 Rb6 55. h5 gxh5 56. Rxh5 Kg6 57. Ra5 Rb3+ 58. f3 Rc3 59. Re5 Kf6 60. Rf5+ Kg6 61. Rf8 Kg7 62. Ra8 Kg6 63. Ra6+ Kg5 64. Ra5+ Kg6 65. Kf4 Kf6 66. Ra6+ Kg7 67. Ke4 Rc4+ 68. Kd3 Rb4 69. Rd6 Rf4 70. Ke3 Rb4 71. f4 Ra4 72. Rd4 Ra6 73. Ke4 Kf6 74. Rb4 Kg6 75. Rb5 Kf6 76. Rf5+ Kg6 77. Rc5 Kf6 78. Rd5 Ra4+ 79. Ke3 Ra3+ 80. Rd3 Ra6 81. Kf3 Kg6 82. Kg3 Ra1 83. Rd6+ Kg7 84. Kf3 Ra4 85. Ke3 Rb4 86. Rd4 Rb5 87. Ke4 Ra5 88. Rd5 Ra7 89. Rd6 Ra5 90. f5 Ra1 91. Rg6+ Kh7 92. Rc6 Kg7 93. Kd5 Rd1+ 94. Ke6 Re1+ 95. Kd7 Rd1+ 96. Ke6 Re1+ 97. Kd7 Rd1+ 98. Ke7 Rf1 99. Rg6+ Kh7 100. Kf6 Rf4 101. Rg7+ Kh8 102. Kf7 Ra4 103. f6 Rc4 104. Ke6 h5 105. g5 h4 106. Ra7 Re4+ 107. Kf5 Re1 108. Kg6 Re8 109. Rh7+ Kg8 110. f7+ 1-0